00341nam a2200133Ia 4500008004100000041000800041082001700049100001900066245004500085250000700130260003100137300003000168365000900198240624s9999 xx 000 0 und d aeng a658.4092 CRA aCRAINER STUART aBUSINESS THE UNIVERSE AND EVERYTHING CON a11 c2003aChichesterbCapstone axi, : 147 : p. : cm. ; 23 cb30